000 00196nam a2200085Ia 4500
008 120527s9999 xx 000 0 und d
100 _aBarker, Stephen
245 _aThe element of logic
942 _cBK
999 _c27846
_d27846